Entropy bounds and isoperimetry

Αποθηκεύτηκε σε:
Λεπτομέρειες βιβλιογραφικής εγγραφής
Κύριος συγγραφέας: Bobkov, Serguei G. (Serguei Germanovich) 1961-
Άλλοι συγγραφείς: Zegarlinski, B.
Μορφή: Βιβλίο
Γλώσσα:English
Δημοσίευση: Providence, R.I. : American Mathematical Society, 2005
Σειρά:Memoirs of the American Mathematical Society ; ; 829
Θέματα:
Ετικέτες: Προσθήκη ετικέτας
Δεν υπάρχουν, Καταχωρήστε ετικέτα πρώτοι!

MARC

LEADER 00000nam a2200000 i 4500
001 1/59994
008 071023s2005 eng d
020 |a 0-8218-3858-X 
035 |l 10091752 
040 |a GR-MY-UA  |b gre  |e aacr 
041 0 |a eng 
082 0 |a 516  |2 (22) 
100 1 |a Bobkov, Serguei G.  |q (Serguei Germanovich)  |d 1961- 
245 1 0 |a Entropy bounds and isoperimetry /  |c S.G. Bobkov, B. Zegarlinski 
260 |a Providence, R.I. :   |b American Mathematical Society,   |c 2005 
300 |a ix, 69 σ.;  |b εικ.;  |c 26 εκ. 
490 1 |a Memoirs of the American Mathematical Society  |v ; 829 
504 |a Περιλαμβάνει βιβλιογραφικές παραπομπές (σ. 67-69). 
650 0 0 |a Isoperimetric inequalities. 
650 0 0 |a Entropy (Information theory) 
650 0 0 |a Inequalities (Mathematics) 
650 0 0 |a Boundary value problems. 
700 1 |a Zegarlinski, B. 
830 0 |a Memoirs of the American Mathematical Society ;  |v ; 829 
852 |a INST  |b SAMOS  |e 20071023  |h 516 BOD  |p 005300028065  |q 005300028065  |t BK  |y 0 
901 |a BIBL3-2007-3 
909 |a Σ  |b 139406 
922 |a 3ΕΛΗ  |b 200709  |c ΕΠΕΑΕΚ2/ΤΜΗΜΑ ΜΑΘΗΜΑΤΙΚΩΝ  |d ΠΑΠΑΣΩΤΗΡΙΟΥ 
970 |a ΣΙΤΖΙΜΗ  |b ΓΙΑΣΕΜΗ  |z 2007/10/23